000 00338nam a2200145Ia 4500
008 150201s2009 xx 000 0 und d
082 _a616.5
_bE09T
100 _aTHAPPA , DM.
245 _aESSENTIALS IN DERMATOLOGY
250 _a2ND
260 _bJAYPEE
_aDELHI
_c2009
300 _a1-473
650 _aDERMATOLOGY
942 _2ddc
_cBK
_02
999 _c1681
_d1681